000 00993cam a2200277 a 4500
001 13856296
003 OSt
005 20210319120446.0
008 041122s2004 ck a c 000 0dspa
010 _a 2005372807
020 _z9687148
035 _a(CVcHKB)kb2001074113
040 _aDLC
_cCO-JMCR
041 0 _aspa
042 _apcc
082 0 4 _223
_a759.9861 /
_bM992s
100 1 _aMutis Durán, Santiago.
_eautor
_911502
245 1 0 _aSaturnino Ramírez /
_cSantiago Mutis Durán.
250 _aPrimera edición
260 _aBogotá, Colombia :
_bJ. Vargas,
_c2004.
300 _a240 páginas :
_bilustraciones y fotografías a color ;
_c33 cm.
505 _aCuando el bosque deje ver sus arboles. -- 1970-1980. -- 1980 - 1990. -- 1990 - 2002. -- Nuevo típico para el capitolio -- Autorretratos y dibujos -- Obra gráfica -- Saturnino Ramírez -- La vida del billar
650 1 4 _aArte
_zColombia
_936350
650 2 4 _aFotografía
_zColombia
_936351
942 _2ddc
_cBK
999 _c15442
_d15442